Sweden Quiz - Statistics

General Stats
  • This quiz has been taken 54 times
  • The average score is 9 of 12
Answer Stats
Hint Answer % Correct
Big swedish car brand? Volvo
97%
Famous furniture store? IKEA
92%
Swedens 3rd largest city? Malmö
89%
Capital of Sweden? Stockholm
89%
Famous music group? ABBA
86%
Famous football player? Zlatan Ibrahimović
72%
Biggest Island? Gotland
69%
Where is the Volvo factory located? Gothenburg
64%
What currency does Sweden have? Krona
61%
What bridge connects Sweden with Denmark? Öresund bridge
61%
Biggest airport? Arlanda
58%
Biggest lake? Vänern
56%
No matching quizzes found
Score Distribution
Percent of People with Each Score
Percentile by Number Answered
Your Score History
You have not taken this quiz